Biblioteca

De la ruina a la afirmación (Registro nro. 33123)

Detalles MARC
000 -LÍDER
Campo fijo de descripción fija 00855nam a22002657a 4500
001 - NÚMERO DE CONTROL
Campo de control 2079
003 - IDENTIFICADOR DEL NÚMERO DE CONTROL
Campo de control CO-MdFUSB
005 - FECHA Y HORA DE LA ULTIMA TRANSACCIÓN
control field 20170808093608.0
008 - ELEMENTOS DE LONGITUD FIJA -- INFORMACIÓN GENERAL
Campo fijo de descripción fija -- Información general 170808t1997 s ||||| |||| 00| 0 s d
020 ## - NÚMERO INTERNACIONAL NORMALIZADO PARA LIBROS
Número Internacional Normalizado del libro 84-8169-206-9
040 ## - FUENTE DE CATALOGACIÓN
Agencia de catalogación original CO-MdFUSB
Idioma de catalogación spa
Agencia que realiza la transcripción CO-MdFUSB
Agencia que realiza la modificación CO-MdFUSBC
Convenciones de la descripción rda
041 0# - CÓDIGO DE IDIOMA
Código de idioma para texto/pista de sonido o título separado spa
082 04 - NÚMERO DE CLASIFICACIÓN DECIMAL DEWEY
Número de clasificación G 221.95 A9326d
100 1# - ASIENTO PRINCIPAL--NOMBRE PERSONAL
Nombre personal Ausín, Santiago
Término relacionador autor
245 13 - TÍTULO
Título del Material De la ruina a la afirmación
Parte restante del título - Subtitulo : El entorno del Reino de Israel en el siglo VIII a.C.
Mención de responsabilidad, etc. / Santiago Ausín, Director de la Asociación Bíblica Española
264 #4 - PRODUCCIÓN, PUBLICACIÓN, DISTRIBUCIÓN, MANUFACTURA, Y COPYRIGHT
Lugar de producción, publicación, distribución, manufactura Estella, Navarra, España :
Nombre del productor, publicador, distribuidor Verbo Divino,
Fecha de producción, publicación, distribución, manufactura, o copyright ©1997
300 ## - DESCRIPCIÓN FÍSICA
Extensión 262 Pag
336 ## - TIPO DE CONTENIDO
Fuente rdacontent
Término de tipo de contenido
Código de tipo de contenido
337 ## - TIPO DE MEDIO
Fuente rdamedia
Nombre del tipo de medio
Código del tipo de medio
338 ## - TIPO DE SOPORTE
Fuente rdacarrier
Nombre del tipo de soporte
Código Tipo de soporte
650 #7 - ASIENTO SECUNDARIO DE MATERIA - TERMINO TEMÁTICO
Término temático o nombre geográfico como elemento de entrada Judíos
9 (RLIN) 270
Subdivisión general Historia
653 ## - TÉRMINO DE INDIZACIÓN - NO CONTROLADO
Término no controlado Biblia - Historia sagrada
653 ## - TÉRMINO DE INDIZACIÓN - NO CONTROLADO
Término no controlado Profetas - Amós - Oseas
942 ## - TIPO DE MATERIAL (KOHA)
Tipo de Item KOHA Libros General
Existencias
Estado de Material Estado de Perdido Estado de Dañado No para Préstamo Colección Tomo Biblioteca de Origen Biblioteca Permanente Fecha de Adquisición Total de Préstamos Total de Renovaciones Signatura Topográfica Código de Barras Última vez visto Última vez Préstado Ejemplar/Existencia Fecha de Remplazo Tipo de Material
        Colección General   Biblioteca FUSBC Biblioteca FUSBC 11/11/2004 5 4 G 221.95 A9326d 1605 17/05/2025 16/05/2025 1 26/01/2016 Libros General

Biblioteca FUSBC | Teléfono: (57+4) 349 88 10 Ext. 141| WhatsApp (+57) 3005338115 
E-mail: biblioteca@unisbc.edu.co | Calle 76 87-14 Robledo Palenque, Medellín, Colombia

Con tecnología Koha